000 01732nam0a2200361 4500
001 RU\NLR\BIBL_A\016295128
005 20230505182013.0
010 _a978-5-907667-35-8
_9500
021 _aRU
_bКН-П-23-002560
_9КН-П-23-0244
035 _a(NLR Aleph) 016295128
035 _a(RuMoRGB)011536947
090 _a12956521
_c12956521
100 _a20230221d2022 u y0rusy50 ca
101 0 _arus
102 _aRU
105 _aa j 000zy
181 0 _ai
_baxxe
182 0 _an
200 1 _aМатематика
_eучебное пособие
_fЛ. Н. Кондратенко, Н. А. Соловьева
_gМинистерство сельского хозяйства Российской Федерации, ФГБОУ ВО "Кубанский государственный аграрный университет имени И. Т. Трубилина"
203 _aТекст
_bвизуальный
_cнепосредственный
210 _aКраснодар
_cКубГАУ
_d2022
215 _a69 с.
_cил.
_d21
300 _aНа обл.: КубГАУ-100, 1922-2022
320 _aБиблиогр.: с. 62 (12 назв.)
606 1 _aМатематика
_jУчебные издания для высших учебных заведений
_9922118
_3RU\NLR\AUTH\6619329
675 _a51(075.8)
_v4
686 1 _aВ11я73-1
700 1 _aКондратенко
_bЛ. Н.
_gЛариса Николаевна
701 1 _7ca
_8rus
_aСоловьева
_bН. А.
_cпреподаватель, высш. математика
_gНаталья Александровна
_9193111
_3RU\NLR\AUTH\770193162
942 _cBOOK
980 _aNB